Assessment of summer 1997 motor gasoline price increase /

Bibliographic Details
Corporate Author: United States. Energy Information Administration
Format: Government Document Microform Book
Language:English
Published: Washington, DC : The Administration : [1998]
Subjects:
Online Access:Adobe Acrobat reader required

MARC

Tag First Indicator Second Indicator Subfields
LEADER 00000cam a2200000 a 4500
001 in00000001495
007 he bmb024bbca
008 981014s1998 dcua bbs f000 0 eng d
005 20230309222500.2
035 |a (OCoLC)40107303 
035 |9 AJB5468AM 
035 |a in00000001495 
037 |a 061-003-01031-8  |b GPO  |c $7.00  |f paper copy 
040 |a GPO  |c GPO  |d DLC  |d MvI  |d UtOrBLW 
043 |a n-us--- 
049 |a UDOC 
049 |a WWW 
074 |a 0429-T-11 (MF) 
074 |a 0429-T-11 (online) 
086 0 |a E 3.2:AS 7/4 
088 |a DOE/EIA-0621 
245 0 0 |a Assessment of summer 1997 motor gasoline price increase /  |c Energy Information Administration. 
264 1 |a Washington, DC :  |b The Administration :  |c [1998] 
264 2 |a Washington, DC :  |b [Supt. of Docs., U.S. G.P.O., distributor], 
300 |a vi, 84 pages :  |b illustrations ;  |c 28 cm. 
336 |a text  |b txt  |2 rdacontent 
337 |a microform  |b h  |2 rdamedia 
338 |a microfiche  |b he  |2 rdacarrier 
500 |a "May 1998." 
500 |a Shipping list number: 98-1025-M. 
504 |a Includes bibliographical references. 
500 |a "DOE/EIA-0621." 
533 |a Microfiche.  |b [Washington, D.C.] :  |c Supt. of Docs., U.S. G.P.O.,  |d 1998  |e 1 microfiche : negative. 
530 |a Also available via Internet from the EIA web site (PDF file only). 
500 |a Microform. 
650 0 |a Gasoline supply  |z United States. 
650 0 |a Gasoline  |x Prices  |z United States. 
710 1 |a United States.  |b Energy Information Administration. 
856 4 1 |u https://purl.fdlp.gov/GPO/LPS1812  |z Adobe Acrobat reader required  |t 0 
999 |a MARS 
999 f f |i b2115b45-39d8-3844-b005-8cae7291636f  |s 90ff67cb-a9f9-34b9-ba11-98630ab7a33a  |t 0 
952 f f |p normal  |a Texas A&M University  |b College Station  |c Sterling C. Evans Library  |d Evans: US Documents Microfiche (3rd floor)  |t 0  |e E 3.2:AS 7/4  |h Superintendent of Documents classification  |i microform -- microfiche  |m A14824373375 
952 f f |a Texas A&M University  |b College Station  |c Electronic Resources  |d Available Online  |t 0  |e E 3.2:AS 7/4  |h Superintendent of Documents classification 
998 f f |a E 3.2:AS 7/4  |t 0  |l Evans: US Documents Microfiche (3rd floor) 
998 f f |a E 3.2:AS 7/4  |t 0  |l Available Online